000
00306nam a2200121Ia 4500
005
20260328104255.0
008
260328s9999||||xx |||||||||||||| ||und||
100
_a
Krauel, Jacobo
245
0
_a
Mirador :
_b
Arquitectura y Paisaje /
_c
Jacobo Krauel
260
_b
Links
650
_a
ARQUITECTURA
942
_c
BK
999
_c
10392
_d
10392